000 00791nmc a2200289 a 4500
003 AR-BaBNM
005 20251128202903.0
008 097119s1961 ||||||||||||||000 | spa||
040 _cAR-BaBNM
100 1 _aGuinnard, A.M.
245 1 0 _aTres años de cautividad entre los patagones
260 _aBuenos Aires
_bEudeba
_c1961
300 0 _a122 p.
_bil.
490 0 _aSerie del siglo y medio
_vv. 26
600 1 4 _aUrquiza, Justo José de
_d1801-1870
650 4 _aLITERATURA ARGENTINA
650 4 _aHISTORIA ARGENTINA
650 4 _aLITERATURA FRANCESA
650 4 _aSIGLO DIECINUEVE
650 4 _aABORIGENES ARGENTINOS
650 4 _aCONQUISTA DEL DESIERTO
653 0 _aLITERATURA DE VIAJES
653 0 _aCRONICAS
655 _aLITERATURA
942 _cBK
998 _cMARTIN
999 _c1054
_d1054